000 00265nam a2200109Ia 4500
008 190907s9999||||xx |||||||||||||| ||und||
100 _aAyres,frank
245 0 _aCalculus shaums outlines
260 _aNew Delhi
_bBantam Books Inc
_c2004
300 _a578
942 _cBK
999 _c6251
_d6251